000 02155nam a2200373 a 4500
001 000081703
005 20200120224617.0
008 161124s2010 sp a|||gr|||| 001 ||spa d
020 _a9788492769766 (obra completa)
020 _a9788492769773 (v.1)
020 _a9788415685845 (v.2)
020 _a9788416251124 (v.3)
020 _a9788416251438 (v.4)
020 _a9788416880034 (v.5)
041 0 _a/-spa
043 _aae-uk-en
090 _aJH
_bMIZS
100 1 _aMizuki, Shigeru
245 1 0 _aKitaro /
_cShigeru Mizuki ; traducido por Alberto Sakai y Paula Fujiwara.
250 _a1a. ed.
260 _aBilbao :
_bAstiberri ediciones,
_c2010.
300 _a3 v. :
_bIlustraciones a blanco y negro.
500 _aIncluye índice
520 _a"Inmensamente popular en Japón, donde no hay niño que crezca sin devorar sus aventuras, Kitaro es el héroe emblemático de una obra que se fija en los monstruos para hablar de los hombres. Pero Kitaro es, también, una serie rebosante de chispa. Las tribulaciones de este pilluelo que debe resolver los conflictos que enfrentan a humanos y yokais constituyen un auténtico placer que aúna, de forma sutil, la negrura y la ligereza. En esta segunda incursión en el universo de Kitaro, encontramos cinco nuevas historias de todo un referente del manga japonés en las que el maestro Mizuki rinde homenaje a los monstruos del cine como Godzilla. Una creación que oscila constantemente entre lo fantástico, el humor y la poesía.Shigeru Mizuki ha ganado el premio al mejor álbum en el Salón Internacional del Cómic de Angoulême 2007 por NonNonBa, y el premio “esencial patrimonio” del salón de Angoulême 2009, por Operación Muerte, ambas publicadas por Astiberri."
650 1 7 _aTiras cómicas, historietas, etc.
_2LEMB
650 2 7 _aLiteratura juvenil
_2LEMB
650 2 7 _aNovela gráfica
_2LEMB
650 2 7 _aNovela gráfica japonesa
_2LEMB
650 2 7 _aAventuras en la literatura
_2LEMB
650 2 7 _aMonstruos en la literatura
_2LEMB
650 2 7 _aCuentos infantiles japoneses
_2LEMB
700 1 _aSakai, Alberto,
_etraductor
700 1 _aFujiwara, Paula,
_etraductor
999 _c10114
_d10114